Movies Quiz

Random Movies or Animation Quiz

DreamWorks Animated Movies Quiz Stats

 Plays Quiz Updated Dec 26, 2020

     
Support Sporcle.
Go Orange.
Score 0/41 Timer 08:00
3 Plays Today
Year Name % Correct
2001Shrek
90.3%
2004Shrek 2
85.6%
2007Shrek the Third
84%
2014How to Train Your Dragon 2
57.5%
2021The Boss Baby: Family Business
55.6%
2019How to Train Your Dragon: The Hidden World
55.5%
2016Kung Fu Panda 3
53.2%
2020Trolls World Tour
53%
2012Madagascar 3: Europe's Most Wanted
52.3%
2020The Croods: A New Age
49.6%
2010Shrek Forever After
46.7%
2005Madagascar
42.3%
2016Trolls
41.2%
1998Antz
40.7%
2008Madagascar: Escape 2 Africa
39.3%
2021Spirit Untamed
39.2%
2017The Boss Baby
39.1%
2014Penguins of Madagascar
38.3%
2015Home
37.5%
2008Kung Fu Panda
35.7%
2004Shark Tale
31.4%
Year Name % Correct
2013The Croods
31.3%
2013Turbo
31%
2019Abominable
30.9%
2006Over the Hedge
29.8%
2005Wallace & Gromit: The Curse of the Were-Rabbit
28.5%
2000Chicken Run
28%
2010How to Train Your Dragon
27.1%
2014Mr. Peabody & Sherman
26.7%
2012Rise of the Guardians
25.6%
1998The Prince of Egypt
25.3%
2017Captain Underpants: The First Epic Movie
24.9%
2009Monsters vs. Aliens
23.4%
2007Bee Movie
23.3%
2006Flushed Away
21.8%
2011Kung Fu Panda 2
20.8%
2000The Road to El Dorado
19.9%
2002Spirit: Stallion of the Cimarron
18.2%
2010Megamind
17.5%
2011Puss in Boots
17%
2003Sinbad: Legend of the Seven Seas
16.1%

From the Vault

Sporclin' Through the 2010s II

by kfastic

We're still early enough into 2020 to do retrospectives, right?
Remove Ads.
Support Sporcle.
Get the best of Sporcle when you Go Orange. This ad-free experience offers more features, more stats, and more fun while also helping to support Sporcle. Thank you for becoming a member.

Show Comments

Extras

Top Quizzes Today


Score Distribution

Your Account Isn't Verified!

In order to create a playlist on Sporcle, you need to verify the email address you used during registration. Go to your Sporcle Settings to finish the process.

Report this User

Report this user for behavior that violates our Community Guidelines.

Details: